[Event "IRI-ch U16"]
[Site "Chess.com INT"]
[Date "2021.01.16"]
[Round "5"]
[White "Khazaei, Parviz"]
[Black "Zerafat, Armin"]
[Result "1-0"]
[WhiteElo "2156"]
[BlackElo "1574"]
[PlyCount "63"]
[EventDate "2021.01.16"]
[EventType "swiss"]
[EventRounds "11"]
[EventCountry "IRI"]
[SourceTitle "EXT 2022"]
[Source "ChessBase"]
[SourceDate "2021.10.06"]
[SourceVersion "1"]
[SourceVersionDate "2021.10.06"]
[SourceQuality "1"]

1. e4 c5 2. Nf3 Nc6 3. Bb5 d6 4. 0-0 e5 5. c3 Bd7 6. d4 Qc7 7. Nbd2 a6 8. Ba4 b5 9. Bb3 c4 10. Bc2 g6 11. a4 Rb8 12. Re1 Bg7 13. Nf1 Nge7 14. Ne3 0-0 15. Nd5 Qd8 16. dxe5 Nxd5 17. exd5 Nxe5 18. axb5 axb5 19. Nd4 Qh4 20. f3 b4 21. Be3 b3 22. Bb1 Rfe8 23. Ra6 Bh6 24. Bf2 Qf6 25. Nc6 Bxc6 26. dxc6 Rbc8 27. Be4 Re7 28. Qd4 Rce8 29. Rea1 Bf4 30. Ra8 Qg5 31. c7 Nxf3+ 32. Bxf3 1-0

[Event "IRI-ch U16"]
[Site "Chess.com INT"]
[Date "2021.01.16"]
[Round "6"]
[White "Zerafat, Armin"]
[Black "Pourramezan Chafjiri, Parsa"]
[Result "0-1"]
[WhiteElo "1574"]
[BlackElo "1728"]
[PlyCount "70"]
[EventDate "2021.01.16"]
[EventType "swiss"]
[EventRounds "11"]
[EventCountry "IRI"]
[SourceTitle "EXT 2022"]
[Source "ChessBase"]
[SourceDate "2021.10.06"]
[SourceVersion "1"]
[SourceVersionDate "2021.10.06"]
[SourceQuality "1"]

1. d4 Nf6 2. c4 g6 3. Nc3 d5 4. cxd5 Nxd5 5. e4 Nxc3 6. bxc3 Bg7 7. Bc4 c5 8. Ne2 0-0 9. 0-0 cxd4 10. cxd4 Nc6 11. Be3 Bd7 12. Rb1 b6 13. Ba6 Bc8 14. Bb5 Bb7 15. d5 Ne5 16. Nd4 Rc8 17. Rc1 a6 18. Bc6 Nxc6 19. Nxc6 Qd6 20. Qa4 b5 21. Qc2 Qd7 22. Qc5 Rfe8 23. Qb6 e6 24. Na5 Ba8 25. d6 Be5 26. f4 Bxd6 27. Rcd1 Red8 28. e5 Bc7 29. Qxa6 Qe7 30. Qxb5 Bxa5 31. Qxa5 Rxd1 32. Rxd1 Qb7 33. Rd8+ Kg7 34. Rd2 Rc1+ 35. Kf2 Qxg2# 0-1